LEADER 01195nam a2200265 4500 001 000000339059 003 CaOOAMICUS 005 20200212122903.0 008 200128s2004 it 000 u ita r 020 $a88-7229-228-X 040 $aSeMil$bita 100 1 $aRenault, Emmanuel .$0(OLS)http://semarc/name/23595 245 12$aL'orazione teresiana :$b[il cammino di unione con Dio] /$cEmmanuel Renault, Jean Abiven. 264 1$aRoma-Morena :$bOCD,$c2004. 300 $a111 p. ;$c19 cm 500 $aComplemento del titolo in copertina 650 4$aTeresa : d'Avila - Spiritualitą.$0(OLS)http://semarc/subject/5228 700 1 $aAbiven, Jean ,$ecollaboratore.$0(OLS)http://semarc/name/110827 830 0$aInsegnaci a pregare ;$v2.$0(OLS)http://semarc/title/427856 850 $aSeMil 852 $aSeMil$W1$xVenegono$y1$m2C I 444$j218573$B230497$CSeMilBibl$Z2$F230497 $81 996 $6020$a88-7229-228-X$9(OLS)http://semarc/number/289745 996 $6245$aL'orazione teresiana :$b[il cammino di unione con Dio]$9(OLS)http://semarc/title/427881 996 $6264$aRoma-Morena :$bOCD$9(OLS)http://semarc/publisher/34136 LEADER 00697nam a2200181 i 4500 001 000000069113 003 CaOOAMICUS 005 19990609000000.0 008 990609n it u000 u ita u 013 $a40285 040 $aSeMil$bita 100 1 $aPirandello, Luigi,$d<1867-1936>.$0(OLS)http://semarc/name/1133 245 10$aOpere. 773 0 $aPirandello, Luigi <1867-1936>$tOpere di Luigi Pirandello.$d[Milano] : Arnoldo Mondadori Editore, 1957.$kClassici contemporanei italiani$gVol.5$w()1383 850 $aSeMil 852 $aSeMil$W1$xVenegono$y1$m1B II 274$j238166$B35266$CSeMilBibl$Z2$F35269 $81 961 $aOmaggio: Ciprandi dott. Paolo 996 $6245$aOpere$9(OLS)http://semarc/title/2179 LEADER 01195nam a2200217 i 4500 001 000000091746 003 CaOOAMICUS 005 20160208000000.0 008 160208s1861 it u000 u ita u 013 $a63988 040 $aSeMil$bita 100 1 $aBianchini, Antonio <1803-1884>.$0(OLS)http://semarc/name/40949 245 10$aVita del beato Giovanni Leonardi, fondatore della Congregazione dei chierici regolari della Madre di Dio /$cscritta da un sacerdote della medesima congregazione [Antonio Bianchini]. 260 $aRoma :$bCoi tipi della S. Congregazione de Propaganda Fide,$c1861. 300 $a168 p, [1] c. di tav. :$britr. ;$c27 cm. 650 4$aGiovanni : Leonardi .$0(OLS)http://semarc/subject/16701 650 4$aChierici regolari della Madre di Dio.$0(OLS)http://semarc/subject/16702 850 $aSeMil 852 $aSeMil$W1$xVenegono$y1$m3H V 30 FA$j54695$B54695$CSeMilBibl$Z2$F59347 $8I 996 $6245$aVita del beato Giovanni Leonardi, fondatore della Congregazione dei chierici regolari della Madre di Dio$9(OLS)http://semarc/title/137911 996 $6260$aRoma :$bCoi tipi della S. Congregazione de Propaganda Fide$9(OLS)http://semarc/publisher/43885